| 000 | 00785cam a2200241 i 4500 | ||
|---|---|---|---|
| 001 | 4585932 | ||
| 003 | OSt | ||
| 005 | 20220222093608.0 | ||
| 008 | 751007s1974 enk d 000 0 eng | ||
| 010 | _a 75325942 | ||
| 015 | _aGB*** | ||
| 020 |
_a0722502621 : _c£2.75 |
||
| 040 |
_aDLC _cDLC _dDLC |
||
| 050 | 0 | 0 |
_aBF637.S4 _bH68 |
| 100 | 1 |
_aHoward, Vernon Linwood, _d1918- |
|
| 245 | 1 | 0 |
_aEsoteric encyclopedia of eternal knowledge / _cby Vernon Howard. |
| 260 |
_aWellingborough [Eng.] : _bThorsons Publishers, _c1974. |
||
| 300 |
_a256 p. ; _c22 cm. |
||
| 650 | 0 |
_aSelf-actualization (Psychology) _xDictionaries. |
|
| 650 | 0 |
_aMental health _xDictionaries. |
|
| 906 |
_a7 _bcbc _corignew _d4 _encip _f19 _gy-gencatlg |
||
| 942 |
_2lcc _cREF_BOOK _hBF637.S4H68 1996 |
||
| 999 |
_c31058 _d31058 |
||